[Event "KEN-ch"]
[Site "Nairobi"]
[Date "2022.12.27"]
[Round "4"]
[White "Sinoya, Evans"]
[Black "Ramesh, Vasanth"]
[Result "1/2-1/2"]
[WhiteElo "1673"]
[BlackElo "1839"]
[PlyCount "51"]
[EventDate "2022.12.26"]
[EventType "swiss"]
[EventRounds "9"]
[EventCountry "KEN"]
[SourceTitle "EXT 2024"]
[Source "ChessBase"]
[SourceDate "2023.10.10"]
[SourceVersion "1"]
[SourceVersionDate "2023.10.10"]
[SourceQuality "1"]

1. e4 c6 2. d4 d5 3. Nc3 dxe4 4. Nxe4 Nf6 5. Nxf6+ exf6 6. Bc4 Bd6 7. Qe2+ Qe7 8. Qxe7+ Kxe7 9. Ne2 Bf5 10. c3 a5 11. Ng3 Bg6 12. 0-0 Re8 13. Bd2 Kf8 14. Rfe1 Nd7 15. a3 b5 16. Be2 Nb6 17. Bf3 Rac8 18. Rxe8+ Kxe8 19. Re1+ Kf8 20. Ne4 Bxe4 21. Bxe4 Kg8 22. Bf5 Rd8 23. Be4 Rc8 24. Bf5 Rd8 25. Be4 Rc8 26. Bf5 1/2-1/2

[Event "UGA-chT"]
[Site "Kampala"]
[Date "2022.08.28"]
[Round "5"]
[White "Byaruhanga, Jonah"]
[Black "Sinoya, Evans"]
[Result "0-1"]
[WhiteElo "1699"]
[BlackElo "1673"]
[PlyCount "60"]
[EventDate "2022.07.10"]
[EventType "team-swiss"]
[EventRounds "14"]
[EventCountry "UGA"]
[SourceTitle "EXT 2024"]
[Source "ChessBase"]
[SourceDate "2023.10.10"]
[SourceVersion "1"]
[SourceVersionDate "2023.10.10"]
[SourceQuality "1"]
[WhiteTeam "Butikiro CC"]
[BlackTeam "Western Express"]
[WhiteTeamCountry "UGA"]
[BlackTeamCountry "UGA"]

1. e4 e6 2. Nf3 d5 3. e5 c5 4. c3 Nc6 5. g3 Nge7 6. Bg2 Bd7 7. d4 cxd4 8. cxd4 Nf5 9. g4 Nh4 10. Nxh4 Qxh4 11. Bf4 h5 12. Be3 hxg4 13. Nc3 Bb4 14. a3 Bxc3+ 15. bxc3 Rc8 16. Qd2 Na5 17. Bg5 Qh5 18. Rb1 Qh7 19. Rb4 Nc4 20. Qc1 b5 21. Bf4 Qd3 22. Rg1 a5 23. Rb3 a4 24. Rb4 Na5 25. Bf1 Qxc3+ 26. Qxc3 Rxc3 27. Bxb5 Rxa3 28. Rxg4 Ra1+ 29. Ke2 g6 30. Bxa4 Rxh2 0-1

[Event "KEN-chT"]
[Site "Nairobi"]
[Date "2019.03.23"]
[Round "5.3"]
[White "Muganda, William Imo"]
[Black "Sinoya, Evans"]
[Result "0-1"]
[WhiteElo "1265"]
[BlackElo "1756"]
[PlyCount "90"]
[EventDate "2019.02.09"]
[EventType "team-tourn"]
[EventRounds "27"]
[EventCountry "KEN"]
[SourceTitle "CBM 192 Extra"]
[Source "Chessbase"]
[SourceDate "2019.11.06"]
[SourceVersion "1"]
[SourceVersionDate "2019.11.06"]
[SourceQuality "1"]
[WhiteTeam "Strathmore University"]
[BlackTeam "Trojan Warriors"]
[WhiteTeamCountry "KEN"]
[BlackTeamCountry "KEN"]

1. e4 e6 2. d4 d5 3. Nc3 Bb4 4. exd5 exd5 5. Bd2 Nf6 6. Nf3 0-0 7. Be2 Re8 8. 0-0 Nc6 9. Re1 Bg4 10. a3 Bxf3 11. Bxf3 Bxc3 12. Bxc3 Ne7 13. Qd3 Qd7 14. Re2 Ng6 15. g3 h6 16. Rae1 c6 17. Bd2 Rxe2 18. Rxe2 Re8 19. Rxe8+ Qxe8 20. Qb3 Qd7 21. Qe3 Qf5 22. Bd1 Ne4 23. Be1 Qg5 24. Qxg5 hxg5 25. Bg4 Ne7 26. Bb4 f5 27. Bxe7 fxg4 28. Kg2 Kf7 29. Bd8 Kg6 30. Kf1 Nd2+ 31. Kg2 Nc4 32. f3 gxf3+ 33. Kxf3 Nxb2 34. Kg4 Nc4 35. Bxg5 Nxa3 36. c3 Nb1 37. h4 Nxc3 38. h5+ Kh7 39. Kf3 Nb5 40. Be3 a5 41. Ke2 a4 42. Kd2 a3 43. Kc2 Nd6 44. g4 a2 45. Kb2 Nc4+ 0-1

[Event "All Africa Games Kenya qual"]
[Site "Nairobi"]
[Date "2019.02.02"]
[Round "4.9"]
[White "Sinoya, Evans"]
[Black "Amatalo, Moses Abasa"]
[Result "0-1"]
[WhiteElo "1756"]
[BlackElo "1665"]
[PlyCount "86"]
[EventDate "2019.02.01"]
[EventType "swiss"]
[EventRounds "6"]
[EventCountry "KEN"]
[SourceTitle "EXT 2024"]
[Source "ChessBase"]
[SourceDate "2023.10.10"]
[SourceVersion "1"]
[SourceVersionDate "2023.10.10"]
[SourceQuality "1"]

1. d4 Nf6 2. Nf3 e6 3. e3 b6 4. Bd3 Bb7 5. Nbd2 d5 6. Nf1 Ba6 7. Bxa6 Nxa6 8. c3 Nb8 9. Ng3 Nbd7 10. 0-0 Bd6 11. Re1 0-0 12. Qd3 c5 13. c4 dxc4 14. Qxc4 cxd4 15. Nxd4 Ne5 16. Qb3 a6 17. Rd1 Qc7 18. f4 Nc4 19. Bd2 e5 20. Ngf5 Nxd2 21. Rxd2 exd4 22. Nxd6 Qxd6 23. Rxd4 Qc5 24. Rc4 Qd5 25. Rd1 Qe6 26. a4 Rfd8 27. Rdc1 Rd2 28. Qc3 Rad8 29. f5 Qd5 30. e4 Nxe4 31. Rxe4 Rxg2+ 32. Kxg2 Qxe4+ 33. Qf3 Qxa4 34. Rc3 h6 35. f6 Qh4 36. fxg7 Rd2+ 37. Kf1 Kxg7 38. Rc6 Qd4 39. Qc3 Qxc3 40. bxc3 Rb2 41. h4 a5 42. h5 a4 43. Rc7 a3 0-1